000 00663nam a2200241Ia 4500
003 OSt
005 20221007062908.0
006 a|||||r|||| 00| 0
007 ta
008 221006b |||||||| |||| 00| 0 eng d
024 _a1,833
037 _cReference Collections
040 _aFLL
_cFLL
_beng
041 _2eng
_aeng
082 _aZ,91, K6
100 _aFitzgerald P. J. Au.
_9683284
245 0 _aSalmond on Jurisprudence
250 _a12th
260 _aBombay
_bN. M. Tripathi private Limited India
_c1957
650 _aJurisprudence
942 _hZ,91, K6
_cREF
_2CC
999 _c1129798
_d1129798